African voices on structural adjustment : (Record no. 13169)
[ view plain ]
| 000 -LEADER | |
|---|---|
| fixed length control field | 00771nam a22002172 4500 |
| 001 - CONTROL NUMBER | |
| control field | 0000009520 |
| 005 - DATE AND TIME OF LATEST TRANSACTION | |
| control field | 20151217155839.0 |
| 008 - FIXED-LENGTH DATA ELEMENTS--GENERAL INFORMATION | |
| fixed length control field | 081103s xx 000 0 eng d |
| 020 ## - INTERNATIONAL STANDARD BOOK NUMBER | |
| International Standard Book Number | 0889368880 : |
| Terms of availability | Donation |
| 040 ## - CATALOGING SOURCE | |
| Original cataloging agency | KABU |
| Transcribing agency | KABU |
| 245 10 - TITLE STATEMENT | |
| Title | African voices on structural adjustment : |
| Remainder of title | a companion to our continent, our future / |
| Statement of responsibility, etc. | edited by Thandika Mkandawire and Charles C. Soludo. |
| 260 ## - PUBLICATION, DISTRIBUTION, ETC. (IMPRINT) | |
| Place of publication, distribution, etc. | Nairobi : |
| Name of publisher, distributor, etc. | IDRC, |
| Date of publication, distribution, etc. | 2003. |
| 300 ## - PHYSICAL DESCRIPTION | |
| Extent | viii, 504 p. |
| 651 #0 - SUBJECT ADDED ENTRY--GEOGRAPHIC NAME | |
| Geographic name | Africa |
| General subdivision | Economic conditions |
| Chronological subdivision | 1960-. |
| -- | 0000149691 |
| 651 #0 - SUBJECT ADDED ENTRY--GEOGRAPHIC NAME | |
| Geographic name | Africa |
| General subdivision | Economic policy. |
| -- | 0000150458 |
| 700 1# - ADDED ENTRY--PERSONAL NAME | |
| Personal name | Mkandawire, Thandika. |
| -- | 0000159568 |
| 700 1# - ADDED ENTRY--PERSONAL NAME | |
| Personal name | Soludo, Charles C. |
| -- | 0000151366 |
| 908 ## - PUT COMMAND PARAMETER (RLIN) | |
| Put command parameter | 081103 |
| 950 ## - LOCAL HOLDINGS (RLIN) | |
| -- | 1 |
| Withdrawn status | Lost status | Source of classification or shelving scheme | Not for loan | Home library | Current library | Date acquired | Total Checkouts | Full call number | Barcode | Date last seen | Price effective from | Koha item type |
|---|---|---|---|---|---|---|---|---|---|---|---|---|
| Library of Congress Classification | Kabarak, Main Campus | Kabarak, Main Campus | 17/12/2015 | HC800 .A37 2003 c. 1 | 15119 | 17/12/2015 | 17/12/2015 | Africana Collection |